| 000 | 00963nam a22001935i 4500 | ||
|---|---|---|---|
| 001 | 157133 | ||
| 003 | ES-MaACL | ||
| 005 | 20250824063054.0 | ||
| 008 | 020312s1878 sp |||| | spa d | ||
| 040 |
_aCAM _bspa _cCAM |
||
| 100 | 1 |
_aLarra y Wetoret, Luis Mariano de, _d1830-1901 _970289 |
|
| 245 | 1 | 1 |
_a¡Risas y lágrimas! _b: comedia en tres actos y en verso / _cpor Luis Mariano de Larra. |
| 260 |
_aMadrid : _b[s.n.], _c1878 ( _fImprenta de José Rodriguez) |
||
| 300 |
_a96 p. ; _c20 cm. |
||
| 500 | _aEn port.: Representada por primera vez en el teatro de la Comedia, el día 1º de febrero de 1878. | ||
| 596 | _aEn verso de port. consta: "... de la galería Lírico-Dramática titulada El Teatro, de Alonso Gullon ..." | ||
| 852 |
_aES-MaACL _jF-8610(12) _z-- Enc. pasta española _q-- Falto de la cub. original _z-- Enc. en un vol. facticio formando parte de la col. facticia "Teatro español moderno", vol. 65 |
||
| 999 |
_c157133 _d157133 |
||